000 00721cam a22002171a 4500
001 ca 25000436
003 DLC
005 20260227111114.0
008 860424s1896 mx 000 0 spa
010 _aca 25000436
035 _a(OCoLC)13487636
040 _aDLC
_cRQA
_dNmU
_dDLC
042 _apremarc
043 _an-mx---
050 0 0 _aF1219
_b.M693
100 2 _aGalindo y Villa, Jesús,
_d1867-1937.
245 1 0 _aBreve noticia histórico-descriptiva del Museo Nacional de México /
_cque escribe Jesús Galindo y Villa por encargo de la dirección del mismo establecimiento.
260 _aMéxico :
_bImpr. del Museo Nacional,
_c1896.
300 _a22 p. ;
_c22 x 12 cm.
610 2 0 _aMuseo Nacional de México.
999 _c15958
_d15958